000
00312 a2200145 4500
001
177533
020
_a
040
_c
Magnum
100
_a
Pinto,frances Rodrigues
240
1
0
_a
Iara a capivara
_l
por
245
1
0
_a
Iara a capivara
362
0
_a
1899
697
_a
MAGNITO: I/AVENTURA, CRIANCAS
942
_c
BK
999
_c
177533
_d
177533